000 00309nam a22001457a 4500
008 230524b ||||| |||| 00| 0 eng d
020 _a9782253070566
041 _aFRA
080 _a82
082 _a82VAL
100 _a38
101 _aGJL
245 _aEN VOITURE SIMONE
_cVALOGNES .A
942 _2udc
_cBK
999 _c59820
_d59820